Brüderpaare in der Bundesliga - Statistiken

Allgemein
  • Dieses Quiz wurde 135 mal gespielt
  • Das Durchschnittsergebnis liegt bei 6 aus 19
Antwortstatistiken
Spiele Vereine Bruder 1 Vereine Bruder 2 Bruderduo (Nachname) % Korrekt
265/256 Dortmund, Leverkusen Leverkusen Sven Bender/Lars Bender
83%
250/288 Bayern Stuttgart, Bayern Uli Hoeneß/Dieter Hoeneß
65%
110/126 u.a. Freiburg, Bochum u.a. Freiburg, Dortmund Keven Schlotterbeck/Nico Schlotterbeck
63%
192/351 u.a. Schalke, Bayern u.a. Schalke, Augsburg Hamit Altintop/Halil Altintop
59%
310/309 Bayern Bayern, Dortmund Kalle Rummenigge/Michael Rummenigge
55%
424/378 u.a. Düsseldorf, Köln u.a. Düsseldorf, Lautern Klaus Allofs/Thomas Allofs
55%
163/314 u.a. Hertha, Schalke u.a. Hamburg, Bayern Kevin-Prince Boateng/Jerome Boateng
54%
241/247 u.a. Hertha, Leverkusen u.a. Leverkusen, Bayern Niko Kovac/Robert Kovac
39%
107/223 Stuttgart, Hertha u.a. Augsburg, Union Sami Khedira/Rani Khedira
37%
320/305 Uerdingen, Lautern u.a. Uerdingen, Lautern Friedhelm Funkel/Wolfgang Funkel
32%
100/372 u.a. Duisburg, Mainz u.a. Wolfsburg, Schalke Marco Caligiuri/Daniel Caligiuri
25%
273/261 u.a. Offenbach, Schalke u.a. Offenbach, Schalke Erwin Kremers/Helmut Kremers
24%
291/272 u.a. Saarbrücken, Stuttgart Stuttgart Bernd Förster/Karlheinz Förster
22%
112/194 Köln, Ingolstadt Schalke Marvin Matip/Joel Matip
20%
146/276 u.a. Freiburg, Duisburg u.a. Freiburg, Hamburg Michael Zeyer/Andreas Zeyer
8%
493/196 u.a. Tennis Borussia, HSV u.a. Bochum, Schalke Ditmar Jakobs/Michael Jakobs
4%
224/139 Hamburg Hamburg, Braunschweig Gert Dörfel/Bernd Dörfel
3%
140/137 Nürnberg Nürnberg, Schalke Jürgen Täuber/Klaus Täuber
2%
134/167 Bochum, Braunschweig Frankfurt, Dortmund Holger Trimhold/Horst Trimhold
0%
Keine übereinstimmenden Quizze gefunden
Verteilung der Resultate
Anzahl Personen mit jedem Resultat
Perzentil nach korrekt beantworteten Fragen
Ihre Resultats-Entwicklung
Sie haben dieses Quiz noch nicht gespielt